Implementácia princípov fuzzy logiky a fuzzy množín v softvérovom prostredí GIS

Gespeichert in:
Bibliographische Detailangaben
1. Verfasser: Nezval, Peter (Verfasst von)
Weitere Verfasser: Ďuračiová, Renata (Betreuung Doktorarbeit)
Format: Manuskript Buch
Sprache:Slowakisch
Veröffentlicht: 2016
Schlagworte:
Online-Zugang:http://is.stuba.sk/zp/portal_zp.pl?podrobnosti=131413
https://opac.crzp.sk/?fn=detailBiblioForm&sid=9B1B597C531927316D32005610B0
Tags: Tag hinzufügen
Keine Tags, Fügen Sie das erste Tag hinzu!

MARC

LEADER 00000ntm a22000003a 4500
001 stuzp57143
003 SK-STU
005 20231003112554.3
007 ta
008 150427s2015----xo-----f-mn---000-0-slo-d
040 |a STU  |b slo 
041 0 |a slo 
100 1 |a Nezval, Peter  |u 010130  |4 aut  |U SvF Stavebná fakulta  |T SvF Katedra geodetických základov  |X 62946  |U V130  |Y 13  |7 62946 
242 0 1 |a Implementation of the principles of fuzzy logic and fuzzy sets in software environment of GIS  |y eng 
245 1 0 |a Implementácia princípov fuzzy logiky a fuzzy množín v softvérovom prostredí GIS 
260 |c 2016 
650 4 |a fuzzy logika  |2 slo 
650 4 |a fuzzy množiny  |2 slo 
650 4 |a GIS  |2 slo 
650 4 |a multikriteriálna analýza  |2 slo 
650 4 |a aplikácia fuzzy logiky  |2 slo 
650 4 |a fuzzy logic  |2 eng 
650 4 |a fuzzy sets  |2 eng 
650 4 |a GIS  |2 eng 
650 4 |a multicriteria analysis  |2 eng 
650 4 |a application of fuzzy logic  |2 eng 
700 1 |a Ďuračiová, Renata  |u 010130  |k Z1  |4 ths  |U SvF Stavebná fakulta  |T SvF Katedra geodetických základov  |X 950  |U V130  |Y 13  |7 A000000950 
856 4 |u http://is.stuba.sk/zp/portal_zp.pl?podrobnosti=131413 
856 4 |u https://opac.crzp.sk/?fn=detailBiblioForm&sid=9B1B597C531927316D32005610B0 
SQL |a stuzp57143  |b DBP  |c SLO  |d Implementácia princípov fuzzy logiky a fuzzy množín v softvérovom prostredí GIS  |e 62946  |f Nezval, Peter  |g 010130  |h 950  |i Ďuračiová, Renata  |j 20160621  |k 1245  |l 01  |m http://is.stuba.sk/zp/portal_zp.pl?podrobnosti=131413  |n B-GKK  |o 5.1.3. geodézia a kartografia